01218agaaa2200241 45000010005000000030009000050050017000140070009000310080040000400400023000800410013001031000048001161300087001642450238002512500022004892600084005113000033005955200187006285380016008155460013008316500072008447000060009163993IT-RoPAU20220918181307.0d cvaizq50131s9999||||xx ||| | || ||und|| aIT-RoPAUcIT-RoPAU aFRANCESE aLucker MichelegCodice regista SPICS: 35342 aMESSE A MAGNY-LE-HONGRE: EGLISE STE GENEVIEVE-AVENT 91 (DIMANCHE 3.EME DE L'AVENT) aMESSE A MAGNY-LE-HONGRE: EGLISE STE GENEVIEVE-AVENT 91 (DIMANCHE 3.EME DE L'AVENT)cDiretto da: Lucker MichelepMESSE A MAGNY-LE-HONGRE: EGLISE STE GENEVIEVE-AVENT 91 (DIMANCHE 3.EME DE L'AVENT) (Rif. Codice opera principale : A3993) aEdizione Standard a(FRANCIA)bANTENNE 2 - CFRT / g"1991 (1° ed.: 1991 ; Ed. Lingua Orig.: 1991)" aVHSbsonoro, col.c60 minuti aLE JOUR DE SEIGNEUR PRESENTE:AVENT 91 DIOCESE DE MEAUX EGLISE STE GENEVIEVE MAGNY-LE-HONGRE (SEINE ET MARNE) DIMANCHE 3EME DE L'AVENTMESSA DELLA TERZA DOMENICA DI AVVENTO IN FRANCESE aPAL, STEREO aFRANCESE aRELIGIOSOeTV-PROGRAMMI RELIGIOSI [VHS]xCodice MATERIA SPICS: 9963 aLucker Michele e(regista)gCodice regista SPICS: 35342